| 000 | 00420nam a22001577a 4500 | ||
|---|---|---|---|
| 020 | _a9789350722381 | ||
| 082 |
_aH100 9 _bSUR/H |
||
| 100 | _aSurendran Nair | ||
| 245 |
_aHindi aur malayalam ke adhunik midhak kavya/ _cby Surendran Nair |
||
| 260 |
_aMadhura: _bJawahar Pusthakalay, _c2015. |
||
| 300 | _a206p. | ||
| 650 | _aPoetry Hindi Criticism | ||
| 650 | _aLiterature Hindi | ||
| 650 | _aLiterature | ||
| 942 | _cBK | ||
| 999 |
_c69612 _d69612 |
||